| 000 | 00573nam a2200217 a 4500 | ||
|---|---|---|---|
| 999 |
_c6365 _d6365 |
||
| 001 | 6365 | ||
| 003 | BD-JhCC | ||
| 005 | 20180224172935.0 | ||
| 008 | 180122s1967 p |||| || | 000 0 eng d | ||
| 035 | _a(BD-JhCC)6365 | ||
| 040 |
_aBD-JhCC _dBD-JhCC |
||
| 041 | _aeng | ||
| 082 |
_a297.1227 _bALI 1967 |
||
| 100 | _aAli, Abullah Yusuf | ||
| 245 |
_aThe Holy Qur-An : _btext, translation & commentary / _c Abullah Yusuf Ali |
||
| 260 |
_aLahore : _bSh. Muhammad Ashraf, _c1967 |
||
| 300 |
_a740 p. : _c27 cm. |
||
| 650 | _aAl-Quiran | ||
| 942 |
_2ddc _cBK |
||